000 01315cam a22003138i 4500
001 24090912
003 DLC
005 20260325110305.0
007 t|
008 250318t20262026miu b 001 0 eng
010 _a 2025011324
020 _a9780802879387
_qpaperback
020 _z9781467462969
_qepub
035 _a(DLC)24090912
040 _aDLC
_beng
_erda
_cDLC
_dDLC-MRC
_dDLC
_dDLC-MRC
_dDLC
042 _apcc
050 0 0 _aBX6115.2
_b.C364 2026
100 1 _aCampbell, Michael W.
_c(Teacher of Systematic Theology)
_eauthor
_4aut
_4http://id.loc.gov/vocabulary/relators/aut
245 1 2 _aA global history of Seventh-day Adventists /
_cMichael W. Campbell and Edward Martin Allen.
260 _aGrand Rapids, MI
_bWilliam B. Eerdmans
_c2026
263 _a2602
300 _a326 pages;
_c23 cm
504 _aIncludes bibliographical references and index.
520 _a"A history of the rise of Seventh-day Adventism from its origins in nineteenth-century America to its emergence as a contemporary world religion"-- Provided by publisher.
650 0 _aSeventh-Day Adventists
_xHistory
700 1 _aAllen, Edward Martin,
_d1953-
_eauthor
_4http://id.loc.gov/vocabulary/relators/aut
906 _a7
_bcbc
_corignew
_d1
_eecip
_f20
_gy-gencatlg
942 _2lcc
_cBOOK
_hBX6115.2
_i.C363 2026
999 _c25327
_d25327